[Event "AUTO-INT-1825"]
[Site "http://www.queenalice.com/game.php?id=881257"]
[Date "2011.1.4"]
[Round "2"]
[White "lapinagile"]
[Black "antonypacheco4"]
[Result "1-0"]
[WhiteElo "1760"]
[BlackElo "1574"]

1. b4 b5 2. Bb2 f6 3. e3 e5 4. a3 c6 5. c4 Ne7 6. Nf3 d6 7. cxb5 cxb5 8. Bxb5+
Bd7 9. Nc3 Qb6 10. a4 a6 11. Bxd7+ Nxd7 12. b5 Nc5 13. d4 Ne6 14. O-O axb5 15.
axb5 Nc7 16. Rxa8+ Nxa8 17. Qb3 Nf5 18. Nd5 Qb7 19. Ra1 Nc7 20. Nxc7+ Qxc7 21.
Ra8+ Ke7 22. b6 Qb7 23. Ra7 Qxa7 24. bxa7 g6 25. a8=Q Ng7 26. Qab7+ Kd8 27. Q3f7
exd4 28. Qfd7# 1-0

[Event "AUTO-INT-1825"]
[Site "http://www.queenalice.com/game.php?id=881258"]
[Date "2011.1.4"]
[Round "2"]
[White "antonypacheco4"]
[Black "lapinagile"]
[Result "1-0"]
[WhiteElo "1589"]
[BlackElo "1780"]

1. d4 d5 2. e3 c5 3. Nf3 Nf6 4. Bb5+ Nc6 5. c3 Bg4 6. Qa4 Bxf3 7. gxf3 Qc7 8. c4
e6 9. Bd2 Bd6 10. Ba5 Qd7 11. Nd2 O-O 12. O-O-O a6 13. Bxc6 bxc6 14. Bc3 Rfb8
15. Qc2 a5 16. dxc5 Bxc5 17. Nb3 Bb6 18. Rhg1 Qe7 19. Nd2 g6 20. f4 Nd7 21. Rg4
Nf6 22. Rg3 Rb7 23. f3 Bxe3 24. f5 exf5 25. Rg2 Nd7 26. Re2 Qg5 27. Qd3 Bxd2+
28. Bxd2 dxc4 29. Qxc4 Qf6 30. Bc3 Qg5+ 31. f4 Qg4 32. Qd4 f6 33. Re7 c5 34.
Qd5+ Kh8 35. Qf7 Qxf4+ 36. Rd2 Qf1+ 37. Kc2 1-0

[Event "AUTO-INT-1825"]
[Site "http://www.queenalice.com/game.php?id=881261"]
[Date "2011.1.4"]
[Round "2"]
[White "juim"]
[Black "antonypacheco4"]
[Result "0-1"]
[WhiteElo "1773"]
[BlackElo "1565"]

1. e4 e5 2. d4 Qh4 3. Bd3 Bb4+ 4. c3 Ba5 5. Nf3 Qe7 6. Nxe5 d6 7. Ng4 h5 8. Ne3
Qg5 9. g3 Nh6 10. Nc4 Qe7 11. Qxh5 b6 12. Nxa5 bxa5 13. Qb5+ c6 14. Qxa5 Ng4 15.
Bf4 Nxh2 16. g4 Nf3+ 17. Ke2 Rxh1 18. Kxf3 Bxg4+ 19. Ke3 Qh4 20. d5 Re1+ 21. Kd4
Qxf2+ 22. Kc4 Qxf4 23. Kb3 Bd1+ 24. Ka3 Bg4 25. Qc7 Rd1 26. Bc2 Rc1 27. Kb3 Na6
28. Qxc6+ Bd7 29. Qxa8+ Ke7 30. Qxa7 Nc5+ 31. Kb4 Qe3 32. a4 Nd3+ 33. Bxd3 Qxa7
34. Ra3 Qe3 35. Bc4 Rxb1 36. Ka5 Rxb2 37. Ra1 Qb6# 0-1

[Event "AUTO-INT-1825"]
[Site "http://www.queenalice.com/game.php?id=881262"]
[Date "2011.1.4"]
[Round "2"]
[White "antonypacheco4"]
[Black "juim"]
[Result "0-1"]
[WhiteElo "1586"]
[BlackElo "1683"]

1. d4 d5 2. e3 Bf5 3. Bd3 Bxd3 4. Qxd3 e6 5. Qb5+ c6 6. Qxb7 Nd7 7. Qxc6 Rc8 8.
Qa4 Nf6 9. Qxa7 Rxc2 10. Ne2 Be7 11. Qa4 Qc8 12. Nbc3 Rxc3 13. Nxc3 O-O 14. O-O
Nh5 15. Bd2 Nb6 16. Qd1 Nc4 17. Qc2 Bb4 18. a3 Nxd2 19. Qxd2 Bd6 20. Rac1 Qb8
21. b4 Bxh2+ 22. Kh1 f5 23. f4 Bg3 24. Ne2 Qd8 25. Rc3 Qh4+ 0-1

[Event "QA-ANNIV-06"]
[Site "http://www.queenalice.com/game.php?id=884977"]
[Date "2011.1.12"]
[Round "3"]
[White "SGF"]
[Black "antonypacheco4"]
[Result "1-0"]
[WhiteElo "1708"]
[BlackElo "1598"]

1. e4 e5 2. Qf3 Nf6 3. d3 d6 4. h3 Be7 5. Be2 d5 6. Qg3 g6 7. h4 Qd6 8. h5 Nxh5
9. Bxh5 Rg8 10. Bg4 Nc6 11. Bxc8 Rxc8 12. Qh3 Rd8 13. Qxh7 Kd7 14. Qxf7 Qb4+ 15.
c3 Qd6 16. exd5 Nb8 17. Nf3 1-0

[Event "Challenge"]
[Site "http://www.queenalice.com/game.php?id=928099"]
[Date "2011.4.20"]
[Round "-"]
[White "antonypacheco4"]
[Black "Dsilver"]
[Result "0-1"]
[WhiteElo "1588"]
[BlackElo "1769"]

1. d4 e6 2. e3 Qf6 3. Nf3 Nh6 4. Bd3 Ng4 5. Qe2 b6 6. Nbd2 Bb7 7. Ne4 Qd8 8. Bd2
Bxe4 9. Bxe4 d5 10. Bd3 Qd6 11. a3 e5 12. h3 Nf6 13. Bb4 c5 14. dxc5 bxc5 15.
Bc3 g6 16. Ng5 c4 17. Nf3 cxd3 18. Qxd3 e4 19. Qb5+ Qc6 20. Nd4 Qxb5 21. Nxb5
Na6 22. O-O Bg7 23. Nd6+ Kd7 24. Nxf7 Rhg8 25. Rad1 Ke6 26. Ng5+ Kd7 27. f3 exf3
28. Rxf3 Raf8 29. e4 Nxe4 30. Rxd5+ Kc6 31. Ra5 Nxg5 32. Rxg5 Bxc3 33. Rxc3+ Kd6
34. Rd3+ Ke7 35. Re5+ Kf6 0-1

[Event "AUTO-OPEN-2354"]
[Site "http://www.queenalice.com/game.php?id=935141"]
[Date "2011.5.7"]
[Round "1"]
[White "shmurtz91"]
[Black "antonypacheco4"]
[Result "1-0"]
[WhiteElo "2015"]
[BlackElo "1586"]

1. c4 c5 2. Nf3 d6 3. d4 Qa5+ 4. Bd2 Qb6 5. Bc3 g6 6. dxc5 Qxc5 7. Bxh8 Qxc4 8.
e3 Qb4+ 9. Bc3 Qb6 10. Bc4 Nh6 11. Ng5 Nc6 12. Nxh7 Bg4 13. Qd2 O-O-O 14. O-O
Qc7 15. Nxf8 Rxf8 16. Bg7 Rg8 17. Bxh6 e6 18. Bf4 Rd8 19. Nc3 a6 20. Ne4 f5 21.
Bxe6+ Kb8 22. Bxd6 Rxd6 23. Nxd6 Nd8 24. Rac1 Qe7 25. Rc8+ Ka7 26. Qd4+ b6 27.
Qd5 1-0

[Event "AUTO-OPEN-2354"]
[Site "http://www.queenalice.com/game.php?id=935142"]
[Date "2011.5.7"]
[Round "1"]
[White "antonypacheco4"]
[Black "shmurtz91"]
[Result "0-1"]
[WhiteElo "1579"]
[BlackElo "2040"]

1. d4 Nf6 2. e3 c6 3. Nf3 d5 4. Nc3 Bf5 5. Bd3 Bg4 6. h3 Bh5 7. O-O e6 8. Be2
Bg6 9. b3 Bd6 10. a3 Bc7 11. Bd3 Qd6 12. b4 Bh5 13. g3 Nbd7 14. Re1 e5 15. Be2
Bxf3 16. Bxf3 e4 17. Bg2 h5 18. Ne2 g5 19. c3 h4 20. f4 g4 21. Kf2 O-O-O 22. Qa4
Bb8 23. Bd2 Rdg8 24. Rab1 gxh3 25. Bh1 hxg3+ 26. Nxg3 Ng4+ 27. Ke2 Qg6 28. b5 c5
0-1

[Event "AUTO-OPEN-2354"]
[Site "http://www.queenalice.com/game.php?id=935169"]
[Date "2011.5.7"]
[Round "1"]
[White "yannigator"]
[Black "antonypacheco4"]
[Result "1-0"]
[WhiteElo "1757"]
[BlackElo "1561"]

1. e4 e5 2. Nf3 d6 3. d4 f6 4. Bc4 Ne7 5. dxe5 Nbc6 6. exf6 gxf6 7. Nc3 Nb4 8.
a3 Nbc6 9. Be3 Na5 10. Bd3 Ng6 11. O-O c6 12. Re1 Bg4 13. b4 Qc7 14. bxa5 Qxa5
15. Bd2 O-O-O 16. h3 Be6 17. Qb1 Rd7 18. Nd5 Qd8 19. Nb4 Rg8 20. Nxc6 Qb6 21.
Qxb6 axb6 22. Na7+ Kb8 23. Nb5 Bg7 24. a4 f5 25. exf5 Bxa1 26. fxe6 Re7 27. Nxd6
Bf6 28. Rb1 Ka7 29. a5 bxa5 30. Bxg6 1-0

[Event "AUTO-OPEN-2354"]
[Site "http://www.queenalice.com/game.php?id=935170"]
[Date "2011.5.7"]
[Round "1"]
[White "antonypacheco4"]
[Black "yannigator"]
[Result "1-0"]
[WhiteElo "1584"]
[BlackElo "1757"]

1. d4 Nf6 2. e3 e6 3. Nf3 d5 4. Nc3 c5 5. a4 Nc6 6. Bb5 a6 7. Bd3 c4 8. Be2 Be7
9. O-O O-O 10. b3 Nh5 11. Nd2 f6 12. Bxh5 g6 13. Qg4 e5 14. Qg3 Bf5 15. Ra2 Kf7
16. Bf3 e4 17. Be2 Bd6 18. f4 exf3 19. Qxf3 Bxc2 20. Rxc2 Kg7 21. Nxd5 cxb3 22.
Nxb3 Bxh2+ 23. Kxh2 f5 24. Bb2 Ne7 25. Nf4 Qd6 26. Qxb7 Rac8 27. d5+ Kg8 28.
Rfc1 Rxc2 29. Rxc2 1-0

[Event "AUTO-OPEN-2354"]
[Site "http://www.queenalice.com/game.php?id=935189"]
[Date "2011.5.7"]
[Round "1"]
[White "antonypacheco4"]
[Black "Dsilver"]
[Result "0-1"]
[WhiteElo "1597"]
[BlackElo "1760"]

1. d4 a5 2. a4 c6 3. Nf3 b5 4. b3 e6 5. e3 Na6 6. c3 b4 7. Bc4 d5 8. Bd3 g6 9.
Qc2 f5 10. cxb4 Nxb4 11. Qd2 Ba6 12. Ne5 Bd6 13. O-O Bxe5 14. Bxa6 Rxa6 15. dxe5
c5 16. Nc3 d4 17. exd4 cxd4 18. Nb5 Ne7 19. Nxd4 Nec6 20. Bb2 f4 21. Rad1 Nxe5
22. Qxf4 Nbd3 23. Qf6 Qxf6 24. Bc3 O-O 25. Rd2 h5 26. Nf3 g5 27. Bxe5 Nxe5 28.
Nxe5 Qxe5 0-1

[Event "AUTO-OPEN-2354"]
[Site "http://www.queenalice.com/game.php?id=935190"]
[Date "2011.5.7"]
[Round "1"]
[White "Dsilver"]
[Black "antonypacheco4"]
[Result "1-0"]
[WhiteElo "1750"]
[BlackElo "1607"]

1. e4 e5 2. a4 a5 3. c3 d6 4. g3 Nf6 5. Bd3 Nc6 6. Bb5 Bd7 7. Qb3 Be6 8. c4 Qd7
9. Ne2 Nxe4 10. Bxc6 Qxc6 11. d3 Nc5 12. Qb5 O-O-O 13. Qxc6 bxc6 14. d4 Nd3+ 15.
Kd2 Nxf2 16. Rf1 Ne4+ 17. Ke1 Bxc4 18. Nd2 d5 19. Nxe4 dxe4 20. Bd2 exd4 21. Rc1
Bxe2 22. Kxe2 c5 23. Rxf7 d3+ 24. Ke3 Rd4 25. Bxa5 Bd6 26. Rf4 Re8 27. Rf7 d2
28. Bxd2 Rxa4 29. Rxg7 1-0

[Event "AUTO-INT-2028"]
[Site "http://www.queenalice.com/game.php?id=935393"]
[Date "2011.5.8"]
[Round "1"]
[White "leonardodml25"]
[Black "antonypacheco4"]
[Result "1-0"]
[WhiteElo "1884"]
[BlackElo "1561"]

1. e4 e5 2. Nf3 d6 3. Bc4 Nf6 4. d3 Qe7 5. Ng5 Be6 6. Bxe6 fxe6 7. Nh3 Nc6 8.
Bg5 O-O-O 9. c3 h6 10. Bxf6 Qxf6 11. O-O d5 12. Nd2 Bd6 13. exd5 exd5 14. f4 g5
15. fxg5 Qg6 16. Qg4+ Kb8 17. d4 hxg5 18. Rf5 1-0

[Event "AUTO-INT-2028"]
[Site "http://www.queenalice.com/game.php?id=935394"]
[Date "2011.5.8"]
[Round "1"]
[White "antonypacheco4"]
[Black "leonardodml25"]
[Result "0-1"]
[WhiteElo "1607"]
[BlackElo "1873"]

1. d4 d5 2. e3 Nf6 3. Nf3 Nc6 4. c3 Bf5 5. Bd3 Bxd3 6. Qxd3 g6 7. Na3 Ne4 8. O-O
Bg7 9. Qb5 Nd6 10. Qb3 e6 11. Bd2 Na5 12. Qa4+ c6 13. Ne5 b5 14. Qc2 O-O 15. b4
Nac4 16. Naxc4 Nxc4 17. Nxc6 Qc7 18. Na5 Nxa5 19. bxa5 Qxa5 20. c4 Qb6 21. c5
Rac8 0-1

[Event "AUTO-INT-2028"]
[Site "http://www.queenalice.com/game.php?id=935413"]
[Date "2011.5.8"]
[Round "1"]
[White "antonypacheco4"]
[Black "JD"]
[Result "0-1"]
[WhiteElo "1569"]
[BlackElo "1776"]

1. d4 h6 2. e3 f6 3. Nf3 d6 4. Nc3 b6 5. Bd3 a5 6. O-O e5 7. d5 h5 8. Bg6+ Ke7
9. e4 c6 10. dxc6 Nxc6 11. Nb5 Nb4 12. Nxe5 fxe5 13. Bg5+ Nf6 14. a3 Nc6 15. c4
h4 16. Qf3 h3 17. g3 Nd4 18. Nxd4 exd4 19. Rae1 Bg4 20. Qxg4 Qc8 21. Qd1 Qb7 22.
Qxd4 Kd7 23. f3 Be7 24. e5 Nh7 0-1

[Event "AUTO-INT-2028"]
[Site "http://www.queenalice.com/game.php?id=935414"]
[Date "2011.5.8"]
[Round "1"]
[White "JD"]
[Black "antonypacheco4"]
[Result "1-0"]
[WhiteElo "1768"]
[BlackElo "1577"]

1. e4 e5 2. g4 g5 3. f3 Nf6 4. c3 d6 5. b4 a6 6. a3 Bg7 7. d4 Qe7 8. d5 O-O 9.
Qc2 c6 10. dxc6 Nxc6 11. b5 Nb8 12. bxa6 bxa6 13. Nh3 h6 14. a4 Qc7 15. a5 Bb7
16. Bd3 Nbd7 17. c4 Nc5 18. Nc3 Rfe8 19. Rb1 Nfd7 20. Nd5 Qxa5+ 21. Bd2 Qd8 22.
Be3 Rb8 23. Bxc5 Nxc5 24. f4 Nxd3+ 25. Qxd3 1-0